Územní plánování a urbanismus bulletin pro územní plánování, urbanismus, stavebně správní praxi a životní prostředí

Enregistré dans:
Détails bibliographiques
Format: Publication en série
Langue:tchèque
Publié: Praha Ministerstvo hospodářství ČR 1995
Sujets:
Tags: Ajouter un tag
Pas de tags, Soyez le premier à ajouter un tag!

MARC

LEADER 00000nas2a2200000 4500
001 s102137
005 20221207104336.1
041 0 |a cze 
044 |a CZ 
245 1 0 |a Územní plánování a urbanismus  |b bulletin pro územní plánování, urbanismus, stavebně správní praxi a životní prostředí 
264 1 |a Praha  |b Ministerstvo hospodářství ČR  |c 1995 
300 |a 1 zv. 
773 0 |w eu_un_cat*s120274 
610 2 0 |a plánovanie územné 
610 2 0 |a urbanizmus 
610 2 0 |a prostredie životné